000 00698nam a2200253 i 4500
001 C2-0218922
003 PPAK
005 20180728111234.0
008 990817s1983 enka|||| ||||| | eng d
020 _a0600337782
040 _aPPAK
_beng
_cPPAK
_erda
082 0 4 _a780.92
_2 23
090 0 0 _a780.92
_bTOB
_dR
100 1 _aTobler, John,
_eauthor
245 1 0 _aElvis : the legend and the music
264 1 _aLondon :
_bHamlyn Publishing ,
_c1983
300 _a192 pages :
_billustrations ;
_c29 cm
336 _2rdacontent
_atext
337 _2rdamedia
_aunmediated
338 _2rdacarrier
_avolume
500 _aincludes index
650 1 0 _aPresley, Elvis, 1935-1977
942 _ddc
_cB
999 _c161619
_d161619